00684nam a2200193 a 450000100100000000500170001000800410002702000180006804000250008608200160011110000320012724501140015925000100027326000540028330000210033750000210035850400730037970000380045200000375520200929150546.0090713s2007 cu 001 0 spa d a9789590504648 aDO-SdBNPbspacBNPHU axxxxbA457l1 aAlpízar Castillo, Rodolfo13aEl lenguaje en la medicina :busos y abusos /cRodolfo Alpízar Castillo ; prólogo Sergio Valdés Bernal. a. ed. aLa Habana, Cuba :bCientífico-Técnica,c2007. a187 p. ;c23 cm. aIncluye índice aIncluye referencias bibliográficas y notas al pie de las páginas1 aValdés Bernal, Sergio,epról.